Liga Portugal Player 30 or More Goal and Assist - Statistics

General Stats
  • This quiz has been taken 74 times
  • The average score is 15 of 18
Answer Stats
Season Player Country Club Goal / Assist % Correct
20/21 Mehdi Taremi Iran FC Porto 16G15A
94%
21/22 Mehdi Taremi Iran FC Porto 20G13A
94%
22/23 Mehdi Taremi Iran FC Porto 22G8A
94%
23/24 Viktor Gyökeres Sweden Sporting CP 29G9A
94%
Darwin Núñez Uruguay SL Benfica 26G4A
91%
09/10 Radamel Falcao Colombia FC Porto 25G7A
86%
16/17 Bas Dost Netherlands Sporting CP 34G5A
84%
Bas Dost Netherlands Sporting CP 27G4A
84%
Islam Slimani Algeria Sporting CP 27G6A
84%
Óscar Cardozo Paraguay SL Benfica 26G5A
83%
15/16 Jonas Brazil SL Benfica 32G14A
80%
17/18 Jonas Brazil SL Benfica 34G6A
80%
18/19 Bruno Fernandes Portugal Sporting CP 20G13A
78%
99/00 Jardel Brazil FC Porto 37G4A
78%
10/11 Hulk Brazil FC Porto 23G16A
75%
Pizzi Portugal SL Benfica 13G18A
73%
19/20 Pizzi Portugal SL Benfica 18G14A
73%
02/03 Simão Portugal SL Benfica 18G13A
45%
No matching quizzes found
Score Distribution
Percent of People with Each Score
Percentile by Number Answered
Your Score History
You have not taken this quiz